000 00742nam a2200265 i 4500
001 C2-0210082
003 PPAK
005 20180728102055.0
008 990320s1998 my a|||| ||||| | may d
020 _a983060053X
040 _aPPAK
_beng
_cPPAK
_erda
082 0 4 _a899.233
_2 23
090 0 0 _a899.233
_bAME
_dK
100 0 _aAmer Haji Matsom,
_eauthor
245 1 0 _aMalang nenek Sakyah
264 1 _aPetaling Jaya, Selangor :
_bHasrat Murni ,
_c1998
300 _a58 pages :
_billustrations ;
_c19 cm
336 _2rdacontent
_atext
337 _2rdamedia
_aunmediated
338 _2rdacarrier
_avolume
490 1 _aSiri Novel Moral Pelajar
650 1 0 _aMalay fiction.
830 0 _aSiri Novel Moral Pelajar
942 _ddc
_cB
999 _c158040
_d158040